Рабочая книга по политической экономии. Вып. 3 (Запись № 13565453)

Подробности
000 -МАРКЕР
контрольное поле 01056nam2a2200229 4500
001 - ИДЕНТИФИКАТОР ЗАПИСИ
контрольное поле rc\2658659
005 - ИДЕНТИФИКАТОР ВЕРСИИ
контрольное поле 20260315043612.0
035 ## - ДРУГИЕ СИСТЕМНЫЕ НОМЕРА
Идентификатор записи (NLR Aleph) 006965822
100 ## - ДАННЫЕ ОБЩЕЙ ОБРАБОТКИ
Данные общей обработки 20110616d1931 u y0rusy50 ca
101 0# - ЯЗЫК РЕСУРСА
Язык текста, звукозаписи и т.д. русский
102 ## - СТРАНА ПУБЛИКАЦИИ ИЛИ ПРОИЗВОДСТВА
Страна публикации Российская Федерация
105 ## - ПОЛЕ КОДИРОВАННЫХ ДАННЫХ: ТЕКСТОВЫЕ МАТЕРИАЛЫ, МОНОГРАФИЧЕСКИЕ
Кодированные данные о монографическом текстовом документе y z |||||
200 0# - ЗАГЛАВИЕ И СВЕДЕНИЯ ОБ ОТВЕТСТВЕННОСТИ
Основное заглавие Вып. 3
210 ## - ПУБЛИКАЦИЯ, РАСПРОСТРАНЕНИЕ И ДР.
Дата издания, распространения и т.д. 1931
215 ## - ФИЗИЧЕСКАЯ ХАРАКТЕРИСТИКА
Специфическое обозначение материала и объем 56 с.
461 #0 - УРОВЕНЬ НАБОРА
Встроенное поле 001rc\2658658
-- 2000#$aРабочая книга по политической экономии$fН.Е. Линецкая$gПод ред. В.К. [?] Островитянова$gВсес. заоч. ин-т фин.-экон. и счетных наук Наркомфина СССР и ОРУ$vВып. 3
-- 700#1$aЛинецкая$bН.Е.$gНадежда Ефимовна
Системный номер (АБИС) связанной записи 5390701
Автор Линецкая, Н.Е.
Место публикации Москва
Дата публикации 1931
Первые сведения об ответственности Н.Е. Линецкая
Имя издателя, распространителя и т.д. Госфиниздат
Заглавие Рабочая книга по политической экономии
Номер тома Вып. 3
801 #0 - ИСТОЧНИК ЗАПИСИ
Страна Российская Федерация
Организация NLR
Правила каталогизации psbo
801 #1 - ИСТОЧНИК ЗАПИСИ
Страна Российская Федерация
Организация ELAR
Источник данных rusmarc
852 ## - МЕСТОНАХОЖДЕНИЕ И ШИФР ХРАНЕНИЯ
Идентификатор организации NLR
Шифр хранения (Call Number) 31-17/124(3)
942 ## - ДОПОЛНИТЕЛЬНЫЕ ЭЛЕМЕНТЫ ЗАПИСИ (АБИС)
Тип экземпляра АБИС Неопределено
980 ## - КОЛЛЕКЦИЯ
Название коллекции Национальная библиография

Нет доступных экземпляров.